| 000 | 00564nam a22001817a 4500 | ||
|---|---|---|---|
| 005 | 20251108164126.0 | ||
| 008 | 250721s1983 xx 000 0 ara d | ||
| 082 | 1 | 4 | _a341.139564/سيف |
| 100 | 1 | _aالرمحي، سيف الوادي | |
| 245 | 1 | 0 | _aالقانون الدولي و قضية فلسطين / |
| 264 | 1 |
_aالكويت : _bشركة كاظمه، _c1983. |
|
| 300 | _a190ص : ملاحق | ||
| 650 | 1 | 7 | _aالأمم المتحدة |
| 650 | 1 | 7 | _aفلسطين |
| 700 | 1 |
_aأحمد، عزمي السيد _eترجمة |
|
| 942 |
_2ddc _cBK |
||
| 999 |
_c4274 _d4274 |
||